Nachbarländer - Sudden Death - Statistiken

Allgemein
  • Dieses Quiz wurde 1.076 mal gespielt
  • Das Durchschnittsergebnis liegt bei 12 aus 37
Answers on the Grid
Answers color-coded by a green-red scale on the quiz's grid according to % correct below.
Mauretanien
Zypern
Niger
Tschad
Schweiz
Senegal
Kanada
Australien
Lesotho
Portugal
Südkorea
Kuba
Sierra Leone
Serbien
Nordmazedonien
Paraguay
Afghanistan
Kuwait
Malaysia
Algerien
Pakistan
China
Nepal
Antigua und Barbuda
Spanien
Vatikanstadt
Jemen
Gabun
Argentinien
Malta
Haiti
Gambia
Seychellen
Südsudan
Tuvalu
Dominikanische Republik
Usbekistan
Ruanda
Uganda
Libanon
Moldau
Peru
Vereinigtes Königreich
Burkina Faso
Vereinigte Arabische Emirate
Namibia
Costa Rica
Barbados
Ungarn
Österreich
Botswana
Simbabwe
Vietnam
San Marino
Tschechien
Indien
Neuseeland
Marshallinseln
Frankreich
Slowakei
Suriname
Mexiko
Belarus
Türkei
Eswatini
Somalia
Georgien
Russland
Polen
Lettland
Albanien
Belgien
Norwegen
Andorra
Guinea
Belize
Irland
Sri Lanka
Papua-Neuguinea
Sambia
Guatemala
Ecuador
Osttimor
Liechtenstein
Kambodscha
El Salvador
Island
Indonesien
Italien
Laos
Schweden
Luxemburg
Ägypten
Eritrea
Katar
Tunesien
Israel
Jordanien
Irak
Deutschland
 
Antwortstatistiken
Antwort % Korrekt
China
65%
Niger
59%
Tschad
58%
Nepal
54%
Österreich
54%
Russland
51%
Ungarn
48%
Serbien
44%
Nordmazedonien
43%
Polen
40%
Mauretanien
39%
Uganda
39%
Ruanda
37%
Tschechien
37%
Jordanien
34%
Georgien
33%
Pakistan
33%
Senegal
33%
Botswana
32%
Israel
31%
Slowakei
30%
Belarus
29%
Dominikanische Republik
26%
Haiti
26%
Simbabwe
26%
Guatemala
22%
Afghanistan
21%
El Salvador
18%
Irak
18%
Namibia
17%
Kambodscha
16%
Laos
16%
Norwegen
16%
Belize
15%
Indonesien
15%
Osttimor
15%
Südsudan
15%
Keine übereinstimmenden Quizze gefunden
Verteilung der Resultate
Anzahl Personen mit jedem Resultat
Perzentil nach korrekt beantworteten Fragen
Ihre Resultats-Entwicklung
Sie haben dieses Quiz noch nicht gespielt